[Event "30th Cracovia Festival-A 2019"]
[Site "Krakow"]
[Date "2020.01.03"]
[Round "8.24"]
[White "Ilandzis, Spyridon"]
[Black "Piotrowski, Przemyslaw"]
[Result "0-1"]
[WhiteElo "2120"]
[BlackElo "2277"]
[Annotator "NA"]
[PlyCount "78"]
[EventDate "2019.12.27"]
[EventCountry "POL"]
[SourceTitle "playchess.com"]
[Source "ChessBase"]
[SourceQuality "1"]
[TimeControl "40/5400+30:1800+30"]

1. e4 {[%emt 0:00:00]} c5 {[%emt 0:04:47]} 2. Nf3 {[%emt 0:00:00]} d6 {[%emt 0:00:08]} 3. d4 {[%emt 0:00:09]} cxd4 {[%emt 0:00:06]} 4. Nxd4 {[%emt 0:00:08]} Nf6 {[%emt 0:00:04]} 5. Nc3 {[%emt 0:00:15]} a6 {[%emt 0:00:24]} 6. Be3 {[%emt 0:00:47]} e5 {[%emt 0:00:15]} 7. Nb3 {[%emt 0:00:17]} Be7 {[%emt 0:01:13]} 8. f3 {[%emt 0:00:23]} Be6 {[%emt 0:01:03]} 9. Qd2 {[%emt 0:00:45]} Nbd7 {[%emt 0:00:49]} 10. O-O-O {[%emt 0:00:59]} b5 {[%emt 0:00:23]} 11. g4 {[%emt 0:04:37]} Nb6 {[%emt 0:06:51]} 12. Na5 {[%emt 0:22:57]} Qc7 {[%emt 0:14:34]} 13. g5 {[%emt 0:10:09]} Nfd7 {[%emt 0:04:39]} 14. Nd5 {[%emt 0:13:02]} Bxd5 {[%emt 0:03:26]} 15. exd5 {[%emt 0:00:06]} Rc8 {[%emt 0:03:29]} 16. Nc6 {[%emt 0:11:19]} Nxd5 {[%emt 0:02:21]} 17. Nxe7 {[%emt 0:02:23]} Kxe7 {[%emt 0:14:12]} 18. Bf2 {[%emt 0:00:17]} Rhd8 {[%emt 0:03:45]} 19. h4 {[%emt 0:01:20]} Nf8 {[%emt 0:07:12]} 20. Bh3 {[%emt 0:02:33]} Ne6 {[%emt 0:01:01]} 21. h5 {[%emt 0:05:57]} Qc4 {[%emt 0:03:14]} 22. Bf5 {[%emt 0:08:58]} Ndf4 {[%emt 0:10:08]} 23. Kb1 {[%emt 0:03:14]} g6 {[%emt 0:00:24]} 24. hxg6 {[%emt 0:00:24]} hxg6 {[%emt 0:00:05]} 25. Bg4 {[%emt 0:01:17]} Qe2 {[%emt 0:01:32]} 26. Be3 {[%emt 0:02:25]} Qxd2 {[%emt 0:00:41]} 27. Rxd2 {[%emt 0:00:05]} Rc6 {[%emt 0:04:03]} 28. Re1 {[%emt 0:01:29]} Kf8 {[%emt 0:01:04]} 29. Rh2 {[%emt 0:02:44]} Kg7 {[%emt 0:04:17]} 30. Reh1 {[%emt 0:00:12]} Nxg5 {[%emt 0:00:11]} 31. Rg1 {[%emt 0:01:04]} d5 {[%emt 0:02:12]} 32. c3 {[%emt 0:02:02]} f6 {[%emt 0:00:57]} 33. Rd2 {[%emt 0:00:26]} Rc4 {[%emt 0:00:58]} 34. Rgd1 {[%emt 0:02:38]} f5 {[%emt 0:00:34]} 35. b3 {[%emt 0:00:14]} Rxc3 {[%emt 0:00:08]} 36. Bxf4 {[%emt 0:00:04]} exf4 {[%emt 0:00:02]} 37. Rxd5 {[%emt 0:00:07]} Rxd5 {[%emt 0:00:03]} 38. Rxd5 {[%emt 0:00:06]} fxg4 {[%emt 0:01:03]} 39. Rxg5 {[%emt 0:00:04]} g3 {[%emt 0:00:15]} 0-1

[Event "30th Cracovia Festival-A 2019"]
[Site "Krakow"]
[Date "2020.01.04"]
[Round "9.1"]
[White "Moroni, Luca Jr"]
[Black "Golubka, Petro"]
[Result "1/2-1/2"]
[WhiteElo "2528"]
[BlackElo "2479"]
[Annotator "TA"]
[PlyCount "68"]
[EventDate "2019.12.27"]
[EventCountry "POL"]
[SourceTitle "playchess.com"]
[Source "ChessBase"]
[SourceQuality "1"]

{[%evp 9,68,13,20,0,0,0,18,0,10,-1,8,-6,-10,-36,-21,-14,0,0,0,0,0,12,13,-11,0,-3,0,-4,0,0,0,-12,-21,-44,-44,-44,-44,-45,-47,-45,-42,-45,0,0,0,0,0,0,0,0,0,0,0,0,0,0,0,0,0,0,0]} 1. e4 c5 2. Nf3 d6 3. d4 cxd4 4. Qxd4 Nc6 5. Qe3 (5. Bb5 a6 6. Bxc6+ bxc6 7. c4 e5 8. Qd3 Ne7 9. Nc3 Ng6 10. Be3 Be7 11. c5 dxc5 12. Qxd8+ Kxd8 13. Nd2 Be6 {0-1 (37) Aravindh,C (2605)-Cheparinov,I (2687) Moscow 2019}) 5... Nf6 6. c4 {B53: Sicilian: 2...d6: Lines with Qxd4} Bg4 7. Nc3 Bxf3 $146 ({Predecessor:} 7... g6 8. Be2 Bg7 9. O-O O-O 10. Rb1 Qa5 11. a3 Rfc8 12. Rd1 {1-0 (47) Schinke,A (2499)-Hoffmann,F (2380) ICCF email 2007}) 8. Qxf3 g6 9. Qd1 Bg7 10. Be3 Qa5 {[#] Hoping for ...Nxe4.} 11. f3 O-O 12. Rc1 e6 13. Qxd6 Rfd8 14. Qc5 Qxc5 15. Bxc5 Bh6 16. Rd1 Rxd1+ 17. Nxd1 Rd8 18. Be2 b6 19. Bf2 Rd2 20. a3 Nd7 21. h4 Nd4 22. Bxd4 $1 Rxd4 23. h5 Bc1 24. hxg6 hxg6 25. Nc3 Bd2+ 26. Kf2 {[#] Black must now prevent Nb5.The position is equal.} Bxc3 27. bxc3 $11 {[%mdl 4096] Endgame KRB-KRN} Rd2 28. Rd1 Rxd1 29. Bxd1 {KB-KN} e5 30. Ba4 Nc5 31. Bc6 Kg7 32. Ke3 f6 33. Be8 Kh6 34. g3 Kg7 {Accuracy: White = 42%, Black = 75%.} 1/2-1/2

[Event "30th Cracovia Festival-A 2019"]
[Site "Krakow"]
[Date "2020.01.04"]
[Round "9.2"]
[White "Niedbala, Bartlomiej"]
[Black "Gumularz, Szymon"]
[Result "0-1"]
[WhiteElo "2239"]
[BlackElo "2493"]
[Annotator "TA"]
[PlyCount "80"]
[EventDate "2019.12.27"]
[EventCountry "POL"]
[SourceTitle "playchess.com"]
[Source "ChessBase"]
[SourceQuality "1"]

{[%evp 21,160,14,36,12,35,9,12,7,4,0,0,-10,-8,-13,-15,-25,-8,-33,-33,-79,-54,-65,-44,-50,-35,-78,-79,-78,-82,-51,-65,-82,-83,-89,-82,-93,-92,-86,-75,-79,-54,-62,-47,-68,-52,-69,-69,-87,0,-78,0,-67,-52,-69,-35,-39,-42,-68,-62,-97,-85,-72,-73,-85,-85,-85,-85,-85,-85,-85,-85,-85,-85,-85,-85,-85,-85,-85,-85,-105,0,-85,0,-100,-92,-92,-92,-104,-100,-101,-85,-85,0,-79,-8,-11,-13,-39,-52,-184,-160,-388,-383,-291,-363,-385,-385,-368,-382,-356,-348,-345,-318,-333,-331,-313,-392,-907,-902,-811,-786,-888,-800,-29974,-29975,-29974,-29976,-29976,-29977,-29974,-29978,-29978,-29979,-29979,-29980,-29986,-29987,-29987,-29988,-29988,-29989]} 1. d4 Nf6 2. Nf3 c5 3. c3 g6 4. Bf4 Bg7 5. e3 O-O 6. Be2 b6 7. h3 Bb7 8. O-O d6 9. Nbd2 Nbd7 10. a4 a6 11. Bh2 Ra7 12. Re1 {A48: 1 d4 Nf6 2 Nf3 g6: Torre, London and Colle Systems} (12. Qb1 Qa8 13. Bd3 cxd4 14. cxd4 Nd5 15. Rc1 Nb4 16. Bf1 Nf6 17. Ra3 Bd5 18. Bc4 Bc6 19. Bf1 Bd5 {1-0 (56) Ivanchuk,V (2713)-Wagner,D (2566) Batumi 2018}) 12... Qa8 13. Bd3 Ne4 14. Nxe4 {The position is equal.} Bxe4 15. Bxe4 Qxe4 16. Qb1 Qxb1 17. Rexb1 f5 $146 ({Predecessor:} 17... Rc8 18. Nd2 Rb7 19. Ra3 h6 20. Kf1 Kh7 21. Ke2 Rcc7 {½-½ (21) Han,Y (1976)-Clanchy,N (1877) Hull 2018}) 18. Nd2 Rc8 19. Re1 Rb7 20. Nb3 Kf7 21. Ra2 Nf6 22. Kf1 Nd5 23. dxc5 bxc5 24. Na5 Rbb8 {aiming for ...c4.} 25. Nc4 Nb6 26. Nxb6 Rxb6 27. Re2 Bf6 28. Rd2 Ke6 29. Ke2 a5 30. Kd3 Kd5 31. f3 Rcb8 32. Bg3 R6b7 33. Bf2 Kc6 34. Bg3 Kd5 (34... h5 $17) 35. Bh2 (35. Bf2 $1 $11 {keeps the balance.}) 35... Rb6 36. Bg3 $1 R8b7 37. Bh2 Ra7 38. Re2 Ke6 39. Rd2 Rab7 40. Kc4 h5 {Played: Bf6-g5} 0-1

[Event "30th Cracovia Festival-A 2019"]
[Site "Krakow"]
[Date "2020.01.04"]
[Round "9.3"]
[White "Girish, A. Koushik"]
[Black "Tomczak, Jacek"]
[Result "0-1"]
[WhiteElo "2506"]
[BlackElo "2605"]
[Annotator "TA"]
[PlyCount "142"]
[EventDate "2019.12.27"]
[EventCountry "POL"]
[SourceTitle "playchess.com"]
[Source "ChessBase"]
[SourceQuality "1"]

{[%evp 9,142,30,35,-12,9,11,26,24,39,17,24,30,70,62,66,44,70,44,47,44,54,33,29,9,14,0,5,11,11,4,10,6,8,22,25,3,14,10,7,0,6,3,4,-3,-11,-34,-44,-76,-77,-112,-45,-90,-70,-158,-168,-193,-137,-275,-246,-268,-265,-257,-247,-304,-302,-408,-402,-436,-425,-450,-447,-441,-207,-198,0,-422,-437,-534,-502,-489,-480,-612,-423,-521,-304,-335,-335,-274,-264,-247,-252,-481,-470,-456,-457,-438,-425,-691,-701,-675,-661,-1031,-1012,-788,-536,-765,-571,-571,-560,-618,-603,-811,-998,-995,-810,-865,-872,-865,-863,-835,-830,-789,-749,-1405,-1419,-1220,-1200,-2329,-2320,-1952,-1810,-6109,-6041,-6420,-6448]} 1. d4 Nf6 2. c4 g6 3. f3 e6 (3... Nc6 4. d5 Ne5 5. e4 d6 6. Nc3 Bg7 7. f4 Ned7 8. Be3 O-O 9. Be2 e6 10. dxe6 fxe6 11. h4 {½-½ (81) Aronian,L (2775)-Carlsen,M (2872) London 2019}) 4. e4 d5 5. cxd5 exd5 6. e5 {E60: King's Indian: Unusual lines and Fianchetto Variation without Nc3} Nh5 7. Be3 Be7 $146 ({Predecessor:} 7... c5 8. dxc5 Qh4+ 9. Bf2 Qb4+ 10. Nc3 Nc6 11. a3 Qxb2 12. Nge2 Nxe5 13. Bd4 Nd3+ 14. Qxd3 Qxa1+ 15. Nd1 Qa2 16. Nc1 {1-0 (16) Yakubboev,N (2482)-Duzhakov,I (2421) Tashkent 2018}) 8. Nc3 {White has an edge.} O-O 9. Qd2 c5 10. dxc5 Be6 11. Bb5 $1 Qc7 12. Nge2 Bxc5 13. Rc1 Bxe3 14. Qxe3 Nc6 15. Bxc6 bxc6 16. b3 Ng7 17. f4 f6 18. exf6 Rxf6 19. O-O Qb6 20. Qf2 Bg4 21. Nd4 Nf5 22. Nxf5 Bxf5 23. Na4 Qxf2+ 24. Rxf2 Re6 $36 {[%mdl 2048] Black has some pressure.} 25. Nc5 Re3 26. h3 Rae8 27. g4 Bc8 28. Kg2 {[#]} h5 $1 29. f5 gxf5 ({Black should play} 29... h4 $17 {aiming for ...Rg3+.} 30. Na4 (30. fxg6 $2 Rg3+ 31. Kh1 Rxh3+ 32. Rh2 Rxh2+ 33. Kxh2 Bxg4 $19) 30... gxf5 31. Rxc6 fxg4 32. hxg4 Rg3+ 33. Kh2 d4) 30. gxf5 R8e5 31. Rcf1 (31. Ne6 $1 $15) 31... Kf7 $17 32. h4 Kf6 (32... d4 $19 33. Rc1 Ke7 34. f6+ Kf7) 33. Rf4 (33. Ne6 $17) 33... Rc3 $19 ({Don't do} 33... Rxf5 34. Ra4 $17) 34. Ne6 Re2+ 35. R1f2 Rxf2+ 36. Kxf2 {[%mdl 4096] Endgame [#] KRB-KRN} Rc2+ $1 37. Ke3 Rxa2 38. Nc5 Bxf5 39. Kd4 Rd2+ 40. Kc3 Rc2+ (40... Rd1 $142 {White must now prevent ...Ke5.} 41. Rf2 Rh1) 41. Kd4 Rd2+ $2 (41... Rh2 42. Nd7+ Ke7) 42. Kc3 $1 {[%cal Rc3d2]} Rd1 43. Ra4 Ke5 44. Rxa7 Rh1 45. Ra6 Rh3+ 46. Kb2 Kd6 47. Nb7+ Kc7 48. Na5 Bd7 ({Resist} 48... Rxh4 49. Rxc6+ Kd7 50. Rf6 $17) 49. b4 Rxh4 50. Kc3 $2 (50. Ra7+ Kd6 51. Nb7+ Ke5 52. Nd8) 50... Rf4 {Black is clearly winning.} 51. Ra7+ Kd6 52. Nb7+ Ke5 53. Nc5 (53. Nd8 $142 Rc4+ 54. Kb3) 53... Bf5 54. Re7+ Kd6 55. Rf7 d4+ 56. Kd2 Kd5 57. Rf6 Rf2+ 58. Ke1 Rf3 59. Ke2 Re3+ 60. Kd2 Bg4 61. Nd3 Rf3 62. Rh6 Bf5 63. Nc5 Rf2+ 64. Ke1 Rh2 65. Rf6 Bg4 66. Nd3 Re2+ 67. Kf1 Re3 68. Nf2 d3 69. Rf8 Kc4 70. Rf6 Bf3 71. Rd6 Kc3 {Accuracy: White = 45%, Black = 64%.} 0-1

[Event "30th Cracovia Festival-A 2019"]
[Site "Krakow"]
[Date "2020.01.04"]
[Round "9.4"]
[White "Milikow, Yoav"]
[Black "Sabuk, Piotr"]
[Result "1-0"]
[WhiteElo "2236"]
[BlackElo "2354"]
[Annotator "ChessBase"]
[PlyCount "81"]
[EventDate "2019.12.27"]
[EventCountry "POL"]
[SourceTitle "playchess.com"]
[Source "ChessBase"]
[SourceQuality "1"]

1. d4 Nf6 2. c4 e6 3. Nc3 Bb4 4. Qc2 O-O 5. Nf3 c5 6. dxc5 Na6 7. g3 Nxc5 8. Bg2 b6 9. O-O Bb7 10. Nb5 Be4 11. Qd1 Nb7 12. a3 Be7 13. Bf4 Rc8 14. Nc3 Bc6 15. b4 Bxf3 16. Bxf3 d5 17. Rc1 Rxc4 18. Nxd5 Rxc1 19. Nxf6+ Bxf6 20. Qxc1 Nd6 21. Rd1 e5 22. Qc6 exf4 23. Rxd6 Qb8 24. Rd7 Rd8 25. Bd5 fxg3 26. hxg3 Rxd7 27. Qxd7 Qf8 28. Qxa7 Bd8 29. a4 Qe7 30. Qa8 Qc7 31. Kg2 Kf8 32. Qa6 Qd6 33. Qb5 Qc7 34. e3 h5 35. Bb3 g6 36. Qd5 Ke8 37. Bc4 Qe7 38. Kg1 Bc7 39. a5 bxa5 40. bxa5 Bb8 41. Qb5+ 1-0

[Event "30th Cracovia Festival-A 2019"]
[Site "Krakow"]
[Date "2020.01.04"]
[Round "9.5"]
[White "Farkas, Gabor"]
[Black "Tazbir, Marcin"]
[Result "1-0"]
[WhiteElo "2357"]
[BlackElo "2525"]
[Annotator "TA"]
[PlyCount "61"]
[EventDate "2019.12.27"]
[EventCountry "POL"]
[SourceTitle "playchess.com"]
[Source "ChessBase"]
[SourceQuality "1"]

{[%evp 19,61,24,41,-44,82,114,101,92,155,143,162,152,147,150,170,141,151,184,211,226,217,223,224,232,229,181,191,171,388,379,448,445,398,360,351,351,484,487,453,278,306,300,373,338]} 1. e4 c5 2. Nf3 d6 3. d4 Nf6 4. Nc3 cxd4 5. Nxd4 a6 6. Bg5 e6 7. f4 h6 8. Bh4 Nbd7 9. Qf3 Qc7 10. O-O-O Be7 11. f5 {B98: Sicilian Najdorf: 6 Bg5 e6 7 f4 Be7, sidelines} ({Better is} 11. Be2 $14) 11... Nb6 $146 (11... e5 $1 $15 12. Nb3 b5) ({Predecessor:} 11... e5 12. Nde2 b5 13. Bxf6 Nxf6 14. Nd5 Qc5 15. Nec3 Bb7 16. Nxf6+ Bxf6 17. Nd5 Rc8 18. c3 Bxd5 19. Rxd5 {½-½ (34) Smeets,J (2657)-Nakamura,H (2708) Wijk aan Zee 2010}) 12. fxe6 $16 fxe6 13. Qh3 {White is better.} e5 (13... O-O $142) 14. Ne6 Bxe6 15. Qxe6 Qd7 {[#]} 16. Qb3 $1 Qc6 17. Bxf6 gxf6 18. a4 {[%cal Ba2a4,Ba4a5][%mdl 32]} O-O-O {[#]} 19. a5 $1 {[%cal Ra5b6]} Nd7 20. Nd5 Rde8 21. Be2 h5 22. Rhf1 $36 {[%mdl 2048] Black is under strong pressure.} Bd8 23. Nb4 Qxe4 $2 (23... Nc5 24. Nxc6 Nxb3+ 25. cxb3 bxc6 26. Rxd6 Kb7) 24. Bf3 $18 Qf4+ 25. Kb1 {Threatens to win with Bxb7+!} e4 26. Qc4+ ({Less strong is} 26. Bxh5 Qxf1 27. Rxf1 Rxh5 $18) 26... Nc5 {[#]} 27. Bxh5 $1 {[%mdl 576] Discovered Attack} Qxh2 (27... Rxh5 28. Rxf4) 28. Bxe8 Rxe8 29. Nd5 e3 {White must now prevent ...e2.} 30. Qg4+ ({Don't take} 30. Nxf6 $6 Bxf6 31. Rxf6 Qe5 $18) 30... f5 31. Rxf5 {Accuracy: White = 80%, Black = 46%.} 1-0

[Event "30th Cracovia Festival-A 2019"]
[Site "Krakow"]
[Date "2020.01.04"]
[Round "9.6"]
[White "Kruglyakov, Pavlo"]
[Black "Vetoshko, Volodymyr"]
[Result "1/2-1/2"]
[WhiteElo "2357"]
[BlackElo "2511"]
[Annotator "ChessBase"]
[PlyCount "69"]
[EventDate "2019.12.27"]
[EventCountry "POL"]
[SourceTitle "playchess.com"]
[Source "ChessBase"]
[SourceQuality "1"]

1. Nf3 d5 2. g3 Nf6 3. Bg2 e6 4. O-O Be7 5. d4 b5 6. a4 b4 7. c4 bxc3 8. Nxc3 O-O 9. Ne5 Nfd7 10. Nd3 Bb7 11. e4 c5 12. exd5 cxd4 13. Nb5 Bxd5 14. Bxd5 exd5 15. Nxd4 Bf6 16. Be3 Ne5 17. Nxe5 Bxe5 18. Qf3 Bxd4 19. Bxd4 Nc6 20. Rfd1 Nxd4 21. Rxd4 Qb6 22. Rxd5 Qxb2 23. Rad1 a5 24. Rd7 Rab8 25. Qf5 Qb4 26. R7d4 Qc3 27. Rd5 g6 28. Qe5 Qc2 29. R5d4 Rb2 30. Qf6 Rb1 31. Rxb1 Qxb1+ 32. Kg2 Qb7+ 33. Qf3 Qc7 34. Qd5 Re8 35. Rc4 1/2-1/2

[Event "30th Cracovia Festival-A 2019"]
[Site "Krakow"]
[Date "2020.01.04"]
[Round "9.7"]
[White "Jarmula, Lukasz"]
[Black "Kopylov, Daniel"]
[Result "0-1"]
[WhiteElo "2466"]
[BlackElo "2294"]
[Annotator "ChessBase"]
[PlyCount "114"]
[EventDate "2019.12.27"]
[EventCountry "POL"]
[SourceTitle "playchess.com"]
[Source "ChessBase"]
[SourceQuality "1"]

1. e4 c5 2. Nf3 d6 3. d4 cxd4 4. Nxd4 Nf6 5. Nc3 Nc6 6. Bg5 e6 7. Qd2 Be7 8. O-O-O Nxd4 9. Qxd4 O-O 10. f4 Qa5 11. h4 Rd8 12. Qe3 h6 13. Be2 Bd7 14. Qg3 Rdc8 15. e5 Rxc3 16. Qxc3 Qxc3 17. bxc3 hxg5 18. exf6 gxf6 19. hxg5 fxg5 20. fxg5 Bxg5+ 21. Kb1 Bf4 22. Rh5 Bc6 23. Rd4 Be5 24. Rg4+ Kf8 25. c4 b6 26. Bf3 Rc8 27. Bxc6 Rxc6 28. Rh7 Rc5 29. Re4 Ra5 30. Re3 Rc5 31. Rf3 Bg7 32. Rh4 Rg5 33. Rf2 Kg8 34. a3 Be5 35. Rd2 Rg3 36. Ka2 Kg7 37. Rh3 Rg4 38. Kb3 Kg6 39. Re2 Bd4 40. Rd3 Bc5 41. Red2 f5 42. a4 Kf6 43. Rh3 e5 44. Rh6+ Kg5 45. Rh7 Kf4 46. Rxa7 Ke3 47. Rd3+ Ke2 48. Rd7 Rxg2 49. R3xd6 Bxd6 50. Rxd6 f4 51. Rxb6 f3 52. Rf6 f2 53. a5 Rg3+ 54. Kb2 f1=Q 55. Rxf1 Kxf1 56. c5 e4 57. a6 e3 0-1

[Event "30th Cracovia Festival-A 2019"]
[Site "Krakow"]
[Date "2020.01.04"]
[Round "9.8"]
[White "Belous, Mikhail"]
[Black "Brodowski, Piotr"]
[Result "0-1"]
[WhiteElo "2349"]
[BlackElo "2445"]
[Annotator "RC"]
[PlyCount "140"]
[EventDate "2019.12.27"]
[EventCountry "POL"]
[SourceTitle "playchess.com"]
[Source "ChessBase"]
[SourceQuality "1"]

1. d4 d6 2. c4 e5 3. d5 f5 4. e4 f4 5. g3 Qf6 6. gxf4 exf4 7. Qf3 g5 8. h4 g4 9. Qxf4 Bg7 10. Nc3 Na6 11. Qxf6 Nxf6 12. Be3 O-O 13. O-O-O Bd7 14. Nge2 Rae8 15. Ng3 Nc5 16. Bg2 a5 17. h5 h6 18. Rh4 b6 19. Bd4 Bh8 20. Nf5 Kh7 21. Bxc5 bxc5 22. Ne3 Re5 23. Rdh1 Rg5 24. Bf1 Ne8 25. e5 Bxe5 26. Ne4 Rgg8 27. Rg1 Kh8 28. Bd3 Nf6 29. Ng3 Bf4 30. Bg6 Be8 31. Bxe8 Rxe8 32. Ngf5 Re5 33. Kc2 Rf8 34. Rg2 Bg5 35. Rhh2 Ne4 36. Rxg4 Nxf2 37. Rgg2 Rxe3 38. Rxf2 Re4 39. b3 Rf4 40. Rxf4 Bxf4 41. Rf2 Rxf5 42. Kd3 Rf6 43. Ke4 Bg5 44. Rxf6 Bxf6 45. Kf5 Kg7 46. Ke6 Be5 47. a4 Bg3 48. Ke7 Bh4+ 49. Ke6 Kf8 50. Kd7 Be7 51. Kxc7 Ke8 52. Kc6 Kd8 53. Kb6 Kc8 54. Kc6 Bf8 55. Kb6 Bg7 56. Kc6 Be5 57. Kb6 Bg3 58. Kc6 Bf4 59. Kb6 Bg5 60. Kxa5 Kb7 61. Kb5 Bd2 62. a5 Be1 63. a6+ Kc7 64. a7 Kb7 65. a8=Q+ Kxa8 66. Kc6 Bg3 67. Kb5 Kb7 68. b4 Bf2 69. Ka4 cxb4 70. Kxb4 Kb6 0-1

[Event "30th Cracovia Festival-A 2019"]
[Site "Krakow"]
[Date "2020.01.04"]
[Round "9.9"]
[White "Grinev, Valeriy"]
[Black "Brozyna, Mateusz"]
[Result "1/2-1/2"]
[WhiteElo "2441"]
[BlackElo "2188"]
[Annotator "ChessBase"]
[PlyCount "72"]
[EventDate "2019.12.27"]
[EventCountry "POL"]
[SourceTitle "playchess.com"]
[Source "ChessBase"]
[SourceQuality "1"]

1. c4 e5 2. Nc3 Nf6 3. Nf3 Nc6 4. e3 d5 5. cxd5 Nxd5 6. Bb5 Nxc3 7. bxc3 Bd6 8. d4 exd4 9. cxd4 O-O 10. O-O Bf5 11. Re1 Be4 12. Bf1 Nb4 13. Nd2 Bc2 14. Qf3 Bg6 15. Rd1 Bc2 16. Nc4 Bxd1 17. Qxd1 f5 18. Qb3 Kh8 19. a3 Nd5 20. Qxb7 Nf6 21. g3 Qc8 22. Qb1 Qe6 23. Qd3 Ne4 24. Bg2 Rae8 25. Bb2 h5 26. Rc1 h4 27. f3 hxg3 28. fxe4 fxe4 29. Qe2 Qh6 30. h3 Rf2 31. Qg4 Rxb2 32. Bxe4 Rxe4 33. Qxe4 Qxh3 34. Qh1 Qxh1+ 35. Kxh1 Re2 36. Rb1 Rc2 1/2-1/2

[Event "30th Cracovia Festival-A 2019"]
[Site "Krakow"]
[Date "2020.01.04"]
[Round "9.10"]
[White "Nikitenko, Mihail"]
[Black "Mis, Mieszko"]
[Result "1-0"]
[WhiteElo "2422"]
[BlackElo "2320"]
[Annotator "TA"]
[PlyCount "71"]
[EventDate "2019.12.27"]
[EventCountry "POL"]
[SourceTitle "playchess.com"]
[Source "ChessBase"]
[SourceQuality "1"]

{[%evp 10,71,0,0,0,-10,0,-4,-12,-23,21,8,12,18,11,0,26,19,58,12,128,87,68,60,165,170,229,222,221,231,233,233,228,229,233,202,163,154,180,155,155,97,206,202,187,167,200,198,221,179,241,234,283,286,308,305,335,327,463,335,546,545,535,527]} 1. c4 Nf6 2. g3 e6 3. Bg2 d5 4. Nf3 dxc4 5. Na3 Bxa3 6. bxa3 Nbd7 {A13: English Opening: 1...e6} (6... b5 7. Ne5 Nd5 8. d3 Qf6 9. Bf4 cxd3 10. Nxd3 Nxf4 11. gxf4 c6 12. O-O O-O 13. Qc1 a5 14. Qe3 {0-1 (33) Anton Guijarro,D (2666)-Halkias,S (2571) Riadh 2017}) 7. Qa4 O-O 8. Qxc4 c5 {The position is equal.} 9. Bb2 Re8 $146 ({Predecessor:} 9... b6 10. O-O Bb7 11. Qc2 Qe7 12. d3 Rac8 13. a4 Ba8 14. a5 b5 {0-1 (36) Todorovic,G (2318)-Delchev,A (2552) Skopje 2018}) 10. O-O e5 11. Ng5 Qe7 12. f4 {[#] Hoping for fxe5.} e4 13. Qc3 {With the idea Nxe4!} Qf8 14. d3 $36 {[%mdl 2048] White has the initiative.} e3 (14... exd3 $11 {remains equal.} 15. exd3 (15. Qxd3 h6 $11) 15... h6) 15. Ne4 Rb8 16. Qa5 a6 (16... Nxe4 $14 17. Bxe4 c4) 17. Qc7 $18 {Strongly threatening Bxf6.} Nd5 (17... Ra8 {might work better.} 18. Nxf6+ Nxf6) 18. Qd6 N5b6 {[#]} 19. Be5 $1 {Qxf8+ is the strong threat.} Ra8 20. Qxf8+ Rxf8 21. Bd6 Re8 22. Nxc5 Nxc5 23. Bxc5 Na4 24. Bd4 {And now Rab1 would win.} Bg4 25. Bf3 ({White should try} 25. Bxb7 Rad8 26. Bc6) 25... Rad8 (25... Bxf3 $16 26. Rxf3 Rac8) 26. Bxg4 Rxd4 27. Bf3 Nc5 28. Rab1 Ra4 29. Bxb7 Rxa3 (29... Nxb7 $142 30. Rxb7 Rxa3) 30. Bd5 Rc3 31. Rfc1 Na4 32. Bc4 a5 33. Kg2 g6 (33... Rxc1 $142 34. Rxc1 Nb6) 34. Kf3 Rc8 $2 (34... Rxc1 {was worth a try.} 35. Rxc1 Nb6) 35. Rxc3 Nxc3 36. Rb7 {Accuracy: White = 58%, Black = 31%.} 1-0

[Event "30th Cracovia Festival-A 2019"]
[Site "Krakow"]
[Date "2020.01.04"]
[Round "9.11"]
[White "Kopylov, Michael"]
[Black "Zylka, Stanislaw"]
[Result "1/2-1/2"]
[WhiteElo "2411"]
[BlackElo "2334"]
[Annotator "ChessBase"]
[PlyCount "41"]
[EventDate "2019.12.27"]
[EventCountry "POL"]
[SourceTitle "playchess.com"]
[Source "ChessBase"]
[SourceQuality "1"]

1. d4 Nf6 2. c4 g6 3. Nc3 d5 4. cxd5 Nxd5 5. e4 Nxc3 6. bxc3 Bg7 7. Bg5 c5 8. Rc1 Qa5 9. Qd2 Qa4 10. Nf3 Bg4 11. Be2 Bxf3 12. gxf3 Nc6 13. d5 Ne5 14. c4 Rd8 15. Qc2 Qxc2 16. Rxc2 f5 17. f4 Nf7 18. exf5 Nxg5 19. fxg5 gxf5 20. Bh5+ Kf8 21. Bf3 1/2-1/2

[Event "30th Cracovia Festival-A 2019"]
[Site "Krakow"]
[Date "2020.01.04"]
[Round "9.12"]
[White "Chmiel, Marcin"]
[Black "Kozak, Antoni"]
[Result "0-1"]
[WhiteElo "2230"]
[BlackElo "2372"]
[Annotator "ChessBase"]
[PlyCount "60"]
[EventDate "2019.12.27"]
[EventCountry "POL"]
[SourceTitle "playchess.com"]
[Source "ChessBase"]
[SourceQuality "1"]

1. c4 f5 2. g3 Nf6 3. Bg2 g6 4. Nc3 Bg7 5. e3 e5 6. Nge2 c6 7. d4 d6 8. O-O O-O 9. b4 Be6 10. d5 Bf7 11. e4 a5 12. Rb1 cxd5 13. exd5 Qc8 14. Nb5 Rd8 15. c5 dxc5 16. bxc5 Bxd5 17. Nd6 Qe6 18. Bxd5 Nxd5 19. Rxb7 Na6 20. Ba3 Ndb4 21. Bxb4 axb4 22. Nf4 Qxa2 23. Qe1 Bf6 24. Nf7 exf4 25. Nh6+ Kf8 26. Qb1 Qxb1 27. Rf7+ Ke8 28. Rxb1 Bc3 29. c6 Rac8 30. gxf4 Rc7 0-1

[Event "30th Cracovia Festival-A 2019"]
[Site "Krakow"]
[Date "2020.01.04"]
[Round "9.13"]
[White "Fus, Jakub"]
[Black "Szustakowski, Antoni"]
[Result "1/2-1/2"]
[WhiteElo "2363"]
[BlackElo "2299"]
[Annotator "ChessBase"]
[PlyCount "65"]
[EventDate "2019.12.27"]
[EventCountry "POL"]
[SourceTitle "playchess.com"]
[Source "ChessBase"]
[SourceQuality "1"]

1. Nf3 d5 2. g3 c6 3. Bg2 Bg4 4. c4 e6 5. cxd5 Bxf3 6. Bxf3 cxd5 7. O-O Nf6 8. d4 Bd6 9. Nc3 Nc6 10. e3 O-O 11. Bd2 Rc8 12. Qe2 Nd7 13. Rfc1 Nb6 14. Be1 Qd7 15. Kg2 Be7 16. Qd1 Rfd8 17. Na4 Nxa4 18. Qxa4 Ne5 19. Qxd7 Nxd7 20. Ba5 Rf8 21. Be2 Nb6 22. Bxb6 axb6 23. Bb5 Bd6 24. Kf3 Rfd8 25. Ke2 Kf8 26. Kd1 Ke7 27. Rc3 Ra8 28. Rb3 Rdc8 29. a4 f5 30. Bd3 Rc6 31. Bb5 Rcc8 32. Bd3 Rc6 33. Bb5 1/2-1/2

[Event "30th Cracovia Festival-A 2019"]
[Site "Krakow"]
[Date "2020.01.04"]
[Round "9.15"]
[White "Sliwicka, Alicja"]
[Black "Kyc, Jerzy"]
[Result "1-0"]
[WhiteElo "2264"]
[BlackElo "2340"]
[Annotator "RC"]
[PlyCount "77"]
[EventDate "2019.12.27"]
[EventCountry "POL"]
[SourceTitle "playchess.com"]
[Source "ChessBase"]
[SourceQuality "1"]

1. e4 c5 2. Nf3 d6 3. d4 cxd4 4. Nxd4 Nf6 5. Nc3 a6 6. Be3 e5 7. Nb3 Be7 8. h3 Be6 9. f4 Qc7 10. f5 Bc4 11. Qf3 b5 12. Bxc4 Qxc4 13. Nd2 Qc6 14. Rc1 Nbd7 15. O-O Rc8 16. Rfd1 b4 17. Nd5 Nxd5 18. exd5 Qa4 19. b3 Qxa2 20. Nc4 Rxc4 21. bxc4 Qxc4 22. Qf1 Qxf1+ 23. Kxf1 O-O 24. Ra1 Ra8 25. Bd2 g6 26. g4 gxf5 27. gxf5 Kg7 28. Ke2 Kf6 29. Rg1 Bf8 30. Bg5+ Kxf5 31. Raf1+ Ke4 32. Rxf7 Ra7 33. Rd1 a5 34. Rxh7 a4 35. Bc1 a3 36. Rh4+ Kf5 37. Rf1+ Kg6 38. Rg4+ Kh7 39. Rfg1 1-0